An Empirical Study of Consulting in a Transitional Economy in the Central European Region during COVID-19
Definícia manažérskeho poradenstva, vznik poradenských služieb a poradenstvo počas pandémie COVID-19. Trendy v odvetví globálneho manažérskeho poradenstva. Výsledky prieskumu uskutočneného medzi maďarskými konzultantmi reflektujúce situáciu manažérskeho poradenstva v Maďarsku.
Salvato in:
| Autore principale: | |
|---|---|
| Altri autori: | , , , , |
| Natura: | Capitolo di libro |
| Lingua: | inglese |
| Soggetti: | |
| Tags: |
Nessun Tag, puoi essere il primo ad aggiungerne!!
|
MARC
| LEADER | 00000naa a2200000 4500 | ||
|---|---|---|---|
| 001 | 0286397 | ||
| 005 | 20260316131732.8 | ||
| 041 | 0 | |a eng | |
| 044 | |a US | ||
| 245 | 1 | 0 | |a An Empirical Study of Consulting in a Transitional Economy in the Central European Region during COVID-19 |c Zsuzsanna Szeiner, Ádám Kovács, Tibor Zsigmond, Ladislav Mura, Eric J. Sanders, József Poór |
| 520 | |a Definícia manažérskeho poradenstva, vznik poradenských služieb a poradenstvo počas pandémie COVID-19. Trendy v odvetví globálneho manažérskeho poradenstva. Výsledky prieskumu uskutočneného medzi maďarskými konzultantmi reflektujúce situáciu manažérskeho poradenstva v Maďarsku. | ||
| 610 | 2 | 0 | |a manažment |
| 610 | 2 | 0 | |a služby poradenské |
| 610 | 2 | 0 | |a poradenstvo |
| 610 | 2 | 0 | |a kríza |
| 610 | 2 | 0 | |a koronavírus |
| 100 | 1 | |a Szeiner, Zsuzsanna | |
| 700 | 1 | |a Kovács, Ádám | |
| 700 | 1 | |a Zsigmond, Tibor | |
| 700 | 1 | |a Mura, Ladislav, 1979- | |
| 700 | 1 | |a Sanders, Eric J. | |
| 700 | 1 | |a Poór, József | |